|
|
|
|
| LEADER |
00887nta a2200193 i 4500 |
| 001 |
dipl114809 |
| 005 |
20210608061938.0 |
| 008 |
210603s2020 hu om 0|| hun d |
| 040 |
|
|
|a SZTE Diploma Repozitórium
|b hun
|
| 041 |
|
|
|a hun
|
| 100 |
1 |
|
|a Kaszás Ildikó
|
| 245 |
1 |
0 |
|a Migrációs kérdések Írországban különös tekintettel a kelet-európai bevándorlókra és a magyarság demográfiai jellemzőire
|h [elektronikus dokumentum] /
|c Ildikó Kaszás
|
| 246 |
1 |
0 |
|a Migration issues in Ireland with particular views on Eastern European immigrants and the demographic characteristics of Hungarians
|h [elektronikus dokumentum]
|
| 260 |
|
|
|c 2020
|
| 650 |
|
4 |
|a Jogi és igazgatási tanulmányok
|
| 650 |
|
4 |
|a Social sciences
|
| 650 |
|
4 |
|a Law
|
| 700 |
2 |
|
|a Hekáné dr. Szondi Ildikó
|e ths
|
| 856 |
4 |
0 |
|u http://diploma.bibl.u-szeged.hu/id/eprint/114809/1/2020_kaszas_ildiko.pdf
|z Dokumentum-elérés
|